000
00257nam a22001217a 4500
008
170616b xxu||||| |||| 00| 0 eng d
041
_a
eng
080
_a
32
100
_a
20
101
_a
SHP
245
_a
SOCIALISM IN CUBA
_c
HUBERMAN, L
942
_2
udc
_c
BK
999
_c
17961
_d
17961